| 000 | 01159cam a22001934a 4500 | ||
|---|---|---|---|
| 005 | 20250605164359.0 | ||
| 008 | 250528s ||||||||||||||||||||||||d | ||
| 035 | _a24509 | ||
| 040 |
_aGR-AtMCL _bgre _dGR-AtMCL _eAACR2 |
||
| 245 | 1 | _aΑποκλειστική Συνεργασία με την Digital MR στην Ελλάδα / MRH Hellas S.A. | |
| 260 | _c2014 | ||
| 300 | _a34 | ||
| 520 | _aΈνα Γρήγορο Αυτοκίνητο είναι Άχρηστο αν δεν Οδηγήσουμε, Το Πρώτο Smart Agency σε Ελλάδα και Κύπρο, Πληθώρα Λανσαρισμάτων και Αυξημένη Διαφήμιση και Διεθνής Ανοδική Πορεία, IPG Mediabrands Αυτό που 'Ειναι' οι Γυναίκες, Από την Αμεσότητα στην Εγκυρότητα και στο Engagement, Arianna Huffington: Ο Κόσμος έχει Πολλά να πει και του Δίνουμε την Πλατφόρμα να το Κάνει. | ||
| 700 | 1 |
_aΚορδελάς Δημήτρης _99464 |
|
| 942 | _cCR | ||
| 710 | 2 |
_aThe Marketing Week _99825 |
|
| 999 |
_c9386 _d9386 |
||